Техника и технологии инженерного обеспечения АПК (Запись № 2061761)

Подробности
000 -МАРКЕР
контрольное поле 02079nam0a2200349 4500
001 - ИДЕНТИФИКАТОР ЗАПИСИ
контрольное поле RU\NLR\bibl\1834760
005 - ИДЕНТИФИКАТОР ВЕРСИИ
контрольное поле 20260408052334.0
010 ## - МЕЖДУНАРОДНЫЙ СТАНДАРТНЫЙ НОМЕР КНИГИ (ISBN)
Номер (ISBN) 978-5-91777-055-0
Тираж 100
021 ## - НОМЕР ГОСУДАРСТВЕННОЙ РЕГИСТРАЦИИ
Код страны Российская Федерация
Номер 2011-83613
Номер Листа государственной регистраци 5953
035 ## - ДРУГИЕ СИСТЕМНЫЕ НОМЕРА
Идентификатор записи (NLR Aleph) 001825246
100 ## - ДАННЫЕ ОБЩЕЙ ОБРАБОТКИ
Данные общей обработки 20111116d2011 |||y0rusy50 ca
101 0# - ЯЗЫК РЕСУРСА
Язык текста, звукозаписи и т.д. русский
102 ## - СТРАНА ПУБЛИКАЦИИ ИЛИ ПРОИЗВОДСТВА
Страна публикации Российская Федерация
105 ## - ПОЛЕ КОДИРОВАННЫХ ДАННЫХ: ТЕКСТОВЫЕ МАТЕРИАЛЫ, МОНОГРАФИЧЕСКИЕ
Кодированные данные о монографическом текстовом документе ac |||||||||
200 1# - ЗАГЛАВИЕ И СВЕДЕНИЯ ОБ ОТВЕТСТВЕННОСТИ
Основное заглавие Техника и технологии инженерного обеспечения АПК
Сведения, относящиеся к заглавию материалы IV-го регионального научно-производственного семинара "Чтения И.П. Терских" (26-27 сентября 2011 г.)
Первые сведения об ответственности [редкол.: П.И. Ильин, к.т.н., доц. (пред. оргкомитета) и др.]
210 ## - ПУБЛИКАЦИЯ, РАСПРОСТРАНЕНИЕ И ДР.
Место издания, распространения и т.д. Иркутск
Имя издателя, распространителя и т. д. Изд-во Иркутской государственной сельскохозяйственной академии
Дата издания, распространения и т.д. 2011
215 ## - ФИЗИЧЕСКАЯ ХАРАКТЕРИСТИКА
Специфическое обозначение материала и объем 152 с.
Другие сведения о физической характеристике ил., портр.
Размеры 21
300 ## - ОБЩИЕ ПРИМЕЧАНИЯ
Текст примечания В надзаг.: М-во сел. хоз-ва Рос. Федерации, Федер. гос. образоват. учреждение высш. проф. образования Иркут. гос. с.-х. акад.
320 ## - ПРИМЕЧАНИЯ О НАЛИЧИИ В ДОКУМЕНТЕ БИБЛИОГРАФИИ / УКАЗАТЕЛЯ
Текст примечания Библиогр. в конце докл.
600 #1 - ИМЯ ЛИЦА КАК ПРЕДМЕТ
Начальный элемент ввода Терских
Часть имени, кроме начального элемента ввода И.П.
Даты 1932 - 2005
Расширение инициалов личного имени Иван Петрович
Системный номер авторитетной/нормативной записи 2629326
Идентификатор авторитетной/нормативной записи RU\NLR\auth\661565886
606 1# - НАИМЕНОВАНИЕ ТЕМЫ КАК ПРЕДМЕТ
Наименование темы Сельское хозяйство
Формальный подзаголовок Съезды, совещания и т.п.
Тематический подзаголовок Механизация
Системный номер авторитетной/нормативной записи 1228736
Идентификатор авторитетной/нормативной записи RU\NLR\auth\66182784
686 ## - ИНДЕКСЫ ДРУГИХ КЛАССИФИКАЦИЙ
Индекс П07д(2)Терских
686 ## - ИНДЕКСЫ ДРУГИХ КЛАССИФИКАЦИЙ
Индекс П071я431(2)
702 #1 - ИМЯ ЛИЦА - ВТОРИЧНАЯ ОТВЕТСТВЕННОСТЬ
Код отношения Редактор
Материалы, к которым относится поле rus
Графика поля Кириллица
Начальный элемент ввода Ильин
Часть имени, кроме начального элемента ввода П. И.
Дополнения к именам, кроме дат канд. техн. наук
Расширение инициалов личного имени Петр Иванович
Идентификатор авторитетной/нормативной записи RU\NLR\auth\77105560
Системный номер авторитетной/нормативной записи 88485
711 12 - НАИМЕНОВАНИЕ ОРГАНИЗАЦИИ - АЛЬТЕРНАТИВНАЯ ОТВЕТСТВЕННОСТЬ
Начальный элемент ввода "Чтения И. П. Терских", региональный научно-производственный семинар
Порядковый номер временной организации и / или порядковый номер ее части 4
Дата проведения временной организации 2011
Место проведения временной организации Иркутск
Идентификатор авторитетной/нормативной записи RU\NLR\AUTH\8810198249
Системный номер авторитетной/нормативной записи 285327
801 #0 - ИСТОЧНИК ЗАПИСИ
Страна Российская Федерация
Организация NLR
Дата составления 20111116
Правила каталогизации RCR
801 #1 - ИСТОЧНИК ЗАПИСИ
Страна Российская Федерация
Организация NLR
Дата составления 20111116
942 ## - ДОПОЛНИТЕЛЬНЫЕ ЭЛЕМЕНТЫ ЗАПИСИ (АБИС)
Тип экземпляра АБИС Книга
980 ## - КОЛЛЕКЦИЯ
Название коллекции Национальная библиография
980 ## - КОЛЛЕКЦИЯ
Название коллекции НБР
Экземпляры
Тип экземпляра Дата поступления Источник поступления Библиотека постоянного хранения Библиотека текущего хранения Место хранения Шифр хранения Штрих-код Статус экземпляра
Книга 16.11.2011 Обязательный экземпляр РНБ (Московский) РНБ (Московский) Русский книжный фонд: издания с 1957 года 2011-3/36115 3534385  
Книга 16.11.2011 Обязательный экземпляр РНБ (Московский) РНБ (Московский) Русский книжный фонд: издания с 1957 года 2011-3/36115 3534391